| 000 | 00609nam a2200169 a 4500 | ||
|---|---|---|---|
| 001 | 000043214 | ||
| 005 | 20201002040728.0 | ||
| 008 | 140225s1983 pr a 000 0 spa d | ||
| 040 |
_aDO-SdBNP _bspa _cBNPHU |
||
| 082 |
_axxx _bxxx |
||
| 100 | 1 |
_aSotomayor, Áurea María _d1951- _925004 |
|
| 245 | 1 | 0 |
_aSitios de la memoria / _cÁurea María Sotomayor. |
| 260 |
_aRío Piedras, Puerto Rico : _bHuracán, _c1983. |
||
| 300 |
_a72 p. : _bil. ; _c22 cm. |
||
| 500 | _aLa biblioteca posee un ejemplar autografíado por la autora. | ||
| 500 | _aIncluye datos biográficos de la autora en la solapa de la contracubierta | ||
| 999 |
_c42703 _d42703 |
||